[Event "NM 2000"]
[Site "NPSF"]
[Date "2000.01.13"]
[Round "?"]
[White "Sjol, Henrik"]
[Black "Sorgjerd, Jan"]
[Result "1-0"]
[WhiteElo "2020"]
[BlackElo "1949"]
[PlyCount "91"]
[EventDate "2000.??.??"]

1. c4 e5 2. Nc3 Nf6 3. g3 g6 4. Bg2 Bg7 5. Nf3 Nc6 6. d4 exd4 7. Nxd4 O-O 8.
O-O Ne5 9. b3 d6 10. Bb2 c6 11. f4 Ned7 12. e4 Qc7 13. Qd2 Re8 14. Rae1 a5 15.
h3 Nc5 16. Re3 Nfd7 17. Rd1 Nb6 18. Ba3 Nbd7 19. Nde2 Bf8 20. Bb2 Ne6 21. Kh1
Nec5 22. Qd4 f6 23. a3 Be7 24. Nb1 Ne6 25. Qc3 Ng7 26. Nd4 Nc5 27. Nd2 Nce6 28.
Nxe6 Bxe6 29. Nf3 Rad8 30. g4 Rf8 31. f5 Bf7 32. Ng5 Be8 33. Rf1 Bd7 34. Nxh7
Kxh7 35. fxg6+ Kxg6 36. Qd3 Kh6 37. Ref3 Ne6 38. h4 b6 39. Bxf6 Be8 40. e5 Bg6
41. Rf5 Bxf6 42. Rxf6 Rxf6 43. Rxf6 Nf4 44. exd6 Nxd3 45. dxc7 Rc8 46. h5 1-0

[Event "NM 2000"]
[Site "NPSF"]
[Date "2000.01.03"]
[Round "?"]
[White "Dahlberg, Jorn S"]
[Black "Klausen, Tor-Arne"]
[Result "1/2-1/2"]
[WhiteElo "1457"]
[BlackElo "2198"]
[PlyCount "85"]
[EventDate "2000.??.??"]

1. e4 c5 2. Nf3 d6 3. d4 cxd4 4. Nxd4 Nf6 5. Nc3 a6 6. f3 e6 7. Be3 b5 8. g4 h6
9. Qd2 Nbd7 10. O-O-O Bb7 11. h4 b4 12. Nb1 d5 13. Bh3 g5 14. hxg5 hxg5 15.
exd5 Nxd5 16. Bxg5 Qb6 17. Bg2 Rxh1 18. Bxh1 Rc8 19. Re1 Qa5 20. f4 Qxa2 21. f5
e5 22. Qh2 Qc4 23. Rxe5+ Nxe5 24. Qxe5+ Kd7 25. Nd2 Qc5 26. N2b3 Qd6 27. Qxd6+
Bxd6 28. Bd2 Ba8 29. g5 Ne7 30. Bxa8 Rxa8 31. c3 bxc3 32. Bxc3 Rh8 33. Kc2 Rh2+
34. Kd3 Rf2 35. g6 fxg6 36. fxg6 Nxg6 37. Kc4 Ne5+ 38. Kd5 Nd3 39. Nd2 Rf8 40.
Nc4 Bc7 41. Ke4 Nc5+ 42. Kd5 Na4 43. Bd2 1/2-1/2

[Event "NM 2000"]
[Site "NPSF"]
[Date "2000.01.03"]
[Round "?"]
[White "Klausen, Tor-Arne"]
[Black "Olsen, Svein"]
[Result "1/2-1/2"]
[WhiteElo "2198"]
[BlackElo "2152"]
[PlyCount "44"]
[EventDate "2000.??.??"]

1. d4 Nf6 2. c4 e6 3. Nc3 Bb4 4. Qc2 O-O 5. a3 Bxc3+ 6. Qxc3 b6 7. e3 Bb7 8.
Nf3 d6 9. b3 Nbd7 10. Bb2 Ne4 11. Qc2 Ng5 12. Nd2 f5 13. Rd1 Qe7 14. Rg1 f4 15.
e4 c5 16. h4 Nf7 17. dxc5 dxc5 18. Qc3 e5 19. g3 Nd6 20. Bh3 Rae8 21. h5 Nf6
22. gxf4 exf4 1/2-1/2

[Event "NM 2000"]
[Site "NPSF"]
[Date "2000.01.03"]
[Round "?"]
[White "Sorgjerd, Jan"]
[Black "Dahlberg, Jorn S"]
[Result "0-1"]
[WhiteElo "1949"]
[BlackElo "1457"]
[PlyCount "106"]
[EventDate "2000.??.??"]

1. d4 d5 2. c4 c6 3. Nc3 Nf6 4. Nf3 dxc4 5. a4 Bf5 6. e3 e6 7. Bxc4 Bb4 8. O-O
Nbd7 9. Nh4 Bg6 10. h3 Bh5 11. Qb3 a5 12. Na2 Bd6 13. Qxb7 Rb8 14. Qa6 Ne4 15.
g3 Nxf2 16. Rxf2 Bxg3 17. Ng2 Bxf2+ 18. Kxf2 Qc7 19. Be2 Rb6 20. Qc4 Bxe2 21.
Qxe2 Qh2 22. Qf3 e5 23. Nc3 f5 24. Qg3 Qxg3+ 25. Kxg3 g5 26. Ne1 Kf7 27. Nf3
Kg6 28. dxe5 Re8 29. Ne2 Nxe5 30. Nxe5+ Rxe5 31. Nd4 Rd5 32. Ra3 Rc5 33. Ne2
Rc2 34. Kf2 Rb4 35. Rc3 Rxc3 36. Nxc3 Kf6 37. Ne2 Rxa4 38. Bd2 c5 39. Bc3+ Ke6
40. Nc1 Rh4 41. Kg2 a4 42. Ne2 Rc4 43. Kf3 h5 44. Kf2 h4 45. Kf3 Kd5 46. Bf6
g4+ 47. hxg4 fxg4+ 48. Kf2 Rc2 49. Bxh4 Ke4 50. Ke1 Kf3 51. Nf4 Rxb2 52. Nd3 a3
53. Bf6 g3 0-1

[Event "NM 2000"]
[Site "NPSF"]
[Date "2000.01.03"]
[Round "?"]
[White "Sterud, Edvard"]
[Black "Sjol, Henrik"]
[Result "1-0"]
[WhiteElo "2203"]
[BlackElo "2020"]
[PlyCount "69"]
[EventDate "2000.??.??"]

1. d4 Nf6 2. c4 e6 3. Nc3 d5 4. Bg5 c6 5. cxd5 exd5 6. Qc2 Na6 7. a3 Nc7 8. e3
Ne6 9. Bh4 Be7 10. Bd3 g6 11. Nf3 Ng7 12. Qb3 Qb6 13. Qxb6 axb6 14. O-O Bf5 15.
Be2 O-O 16. Ne5 Rfe8 17. Rac1 b5 18. Rfe1 h6 19. h3 Be6 20. Bg3 b4 21. axb4
Bxb4 22. Bf3 Nf5 23. Bh2 Nd6 24. Nd3 Bxc3 25. Rxc3 Nfe4 26. Rcc1 Ra2 27. Bd1
Nc4 28. b3 Nb2 29. Nb4 Ra3 30. Bc2 Nc3 31. Ra1 Rea8 32. Rxa3 Rxa3 33. Bd6 Ra8
34. f3 f5 35. Kf2 1-0

[Event "NM 2000"]
[Site "NPSF"]
[Date "2000.01.03"]
[Round "?"]
[White "Lovholt, Thor"]
[Black "Lorentzen, Oystein"]
[Result "0-1"]
[WhiteElo "2143"]
[BlackElo "2241"]
[PlyCount "120"]
[EventDate "2000.??.??"]

1. e4 e6 2. d4 d5 3. Nc3 Nf6 4. e5 Nfd7 5. Nce2 c5 6. c3 Nc6 7. f4 Qb6 8. Nf3
f6 9. Qb3 cxd4 10. Nexd4 Nxd4 11. Nxd4 Bc5 12. Qxb6 Nxb6 13. b4 Be7 14. Bb5+
Kf7 15. Bb2 a6 16. Bd3 Bd7 17. exf6 gxf6 18. O-O Na4 19. Rab1 Rac8 20. Ne2 h5
21. Rf3 Nxb2 22. Rxb2 Bd8 23. b5 Bb6+ 24. Kf1 a5 25. a4 Ke7 26. Rg3 Rhg8 27.
Rxg8 Rxg8 28. c4 d4 29. Nc1 Rg4 30. Rf2 e5 31. fxe5 fxe5 32. Re2 Rf4+ 33. Ke1
Kd6 34. Nb3 Bg4 35. Re4 Rxe4+ 36. Bxe4 Be6 37. Nd2 Kc5 38. Bxb7 Kb4 39. Bf3
Kxa4 40. Bxh5 Kb4 41. Kd1 a4 42. Bg6 Kc3 43. c5 Bxc5 44. Ne4+ Kb4 45. Nxc5 Kxc5
46. h4 a3 47. Kc1 Bd5 48. h5 e4 49. h6 e3 50. h7 e2 51. Kd2 a2 52. h8=Q e1=Q+
53. Kxe1 a1=Q+ 54. Kf2 Qb2+ 55. Kg3 Qxg2+ 56. Kf4 Qxg6 57. Qc8+ Kb4 58. Qf8+
Kxb5 59. Qb8+ Kc4 60. Qb2 Qe4+ 0-1

[Event "NM 2000"]
[Site "NPSF"]
[Date "2000.01.03"]
[Round "?"]
[White "Haug, Kjell M"]
[Black "Bergquist, Rune"]
[Result "1-0"]
[WhiteElo "2021"]
[BlackElo "2183"]
[PlyCount "55"]
[EventDate "2000.??.??"]

1. c4 Nf6 2. Nc3 e6 3. Nf3 c5 4. d4 cxd4 5. Nxd4 Bb4 6. Ndb5 d5 7. cxd5 exd5 8.
Bg5 O-O 9. a3 Bxc3+ 10. Nxc3 Nc6 11. e3 Be6 12. Qf3 d4 13. Bxf6 gxf6 14. O-O-O
Rc8 15. exd4 Nxd4 16. Qg3+ Kh8 17. Qf4 Nb3+ 18. Kb1 Qe7 19. Bd3 Rxc3 20. bxc3
Qxa3 21. Qxf6+ Kg8 22. c4 Nc5 23. Qb2 Qa6 24. Bc2 Bxc4 25. Rd4 f5 26. Rhd1 Be6
27. Rf4 Qc6 28. g4 1-0

[Event "NM 2000"]
[Site "NPSF"]
[Date "2000.01.03"]
[Round "?"]
[White "Bergquist, Rune"]
[Black "Handberg, Rune"]
[Result "1-0"]
[WhiteElo "2183"]
[BlackElo "1952"]
[PlyCount "52"]
[EventDate "2000.??.??"]

1. e4 Nf6 2. e5 Nd5 3. d4 d6 4. Nf3 g6 5. Bc4 Nb6 6. Bb3 Bg7 7. a4 a5 8. Ng5 e6
9. f4 d5 10. O-O Nc6 11. c3 Bd7 12. Bc2 Ne7 13. b3 h6 14. Nf3 Bc6 15. Nbd2 Qd7
16. Qe2 Nbc8 17. Bd3 Na7 18. Ba3 Rb8 19. Rfe1 Nac8 20. Bc1 Nb6 21. Nf1 Ra8 22.
Ne3 Nbc8 23. Ng4 Ng8 24. Ba3 Rb8 25. Ra2 h5 26. Nf6+ Nxf6 1-0

[Event "NM 2000"]
[Site "NPSF"]
[Date "2000.01.03"]
[Round "?"]
[White "Lorentzen, Oystein"]
[Black "Haug, Kjell M"]
[Result "1/2-1/2"]
[WhiteElo "2241"]
[BlackElo "2021"]
[PlyCount "61"]
[EventDate "2000.??.??"]

1. e4 e5 2. Nf3 Nc6 3. d4 exd4 4. Nxd4 d6 5. Nxc6 bxc6 6. Bd3 Nf6 7. O-O Be7 8.
Nc3 O-O 9. Bf4 Re8 10. Re1 Nd7 11. Qd2 Bf6 12. e5 Bxe5 13. Bg5 Nf6 14. Ne4 Nxe4
15. Bxe4 Qd7 16. c3 h6 17. Bf4 Bxf4 18. Qxf4 Bb7 19. Re3 Re5 20. Rae1 Rae8 21.
h4 R8e7 22. Bf3 Rxe3 23. Rxe3 a5 24. a4 d5 25. Qd4 Ba6 26. Qa7 Rxe3 27. fxe3
Qc8 28. Qc5 Qe6 29. Kf2 Qf6 30. Qxa5 Qxh4+ 31. Kg1 1/2-1/2

[Event "NM 2000"]
[Site "NPSF"]
[Date "2000.01.03"]
[Round "?"]
[White "Sjol, Henrik"]
[Black "Lovholt, Thor"]
[Result "1/2-1/2"]
[WhiteElo "2020"]
[BlackElo "2143"]
[PlyCount "67"]
[EventDate "2000.??.??"]

1. c4 e5 2. Nc3 d6 3. g3 f5 4. Bg2 Nf6 5. d3 Be7 6. Nf3 O-O 7. O-O Kh8 8. Bd2
Na6 9. Rb1 c6 10. b4 Nc7 11. b5 e4 12. dxe4 fxe4 13. Nd4 c5 14. Nb3 Bf5 15. Qc2
d5 16. cxd5 Nfxd5 17. Bxe4 Nxc3 18. Bxc3 Bxe4 19. Qxe4 Nxb5 20. Be5 b6 21. Nxc5
Bxc5 22. Rxb5 Qd7 23. Rb3 Rae8 24. Rd3 Qe6 25. Rd5 Kg8 26. Kg2 Rd8 27. Rxd8
Rxd8 28. a4 Bd6 29. f4 Re8 30. Qb7 Bxe5 31. fxe5 h6 32. Qxa7 Qd5+ 33. Rf3 Rxe5
34. Qa6 1/2-1/2

[Event "NM 2000"]
[Site "NPSF"]
[Date "2000.01.03"]
[Round "?"]
[White "Dahlberg, Jorn S"]
[Black "Sterud, Edvard"]
[Result "1/2-1/2"]
[WhiteElo "1457"]
[BlackElo "2203"]
[PlyCount "46"]
[EventDate "2000.??.??"]

1. e4 e6 2. d4 d5 3. Nd2 c5 4. exd5 Qxd5 5. Ngf3 cxd4 6. Bc4 Qd6 7. O-O Nf6 8.
Nb3 Nc6 9. Nbxd4 Nxd4 10. Nxd4 Bd7 11. b3 O-O-O 12. Bb2 Qc7 13. Qe2 h5 14. h3
Ng4 15. Nf3 Bc6 16. Ne5 Ba3 17. Bxa3 Nxe5 18. Rad1 Nxc4 19. Qxc4 Rd7 20. Qc3
Rdd8 21. Rxd8+ Qxd8 22. f3 Rg8 23. Qe5 Qb6+ 1/2-1/2

[Event "NM 2000"]
[Site "NPSF"]
[Date "2000.01.03"]
[Round "?"]
[White "Olsen, Svein"]
[Black "Sorgjerd, Jan"]
[Result "1/2-1/2"]
[WhiteElo "2152"]
[BlackElo "1949"]
[PlyCount "58"]
[EventDate "2000.??.??"]

1. e4 c5 2. Nf3 d6 3. d4 cxd4 4. Nxd4 Nf6 5. Nc3 a6 6. Bg5 e6 7. f4 Be7 8. Qf3
Qc7 9. O-O-O Nbd7 10. Be2 b5 11. Bxf6 Nxf6 12. e5 Bb7 13. Qg3 dxe5 14. fxe5 Nd7
15. Qxg7 Qxe5 16. Qxe5 Nxe5 17. Bh5 O-O 18. Rhe1 Nc4 19. Bf3 Bg5+ 20. Kb1 Nd2+
21. Ka1 Nxf3 22. Nxf3 Bf4 23. Rd4 Bc7 24. a4 Rfd8 25. Rg4+ Kf8 26. Rh4 Kg7 27.
axb5 axb5+ 28. Kb1 Ba6 29. Rg4+ Kf8 1/2-1/2

[Event "NM 2000"]
[Site "NPSF"]
[Date "2000.01.03"]
[Round "?"]
[White "Taksrud, Vidar"]
[Black "Klausen, Tor-Arne"]
[Result "1/2-1/2"]
[WhiteElo "2159"]
[BlackElo "2198"]
[PlyCount "73"]
[EventDate "2000.??.??"]

1. e4 c5 2. Nf3 d6 3. d4 cxd4 4. Nxd4 Nf6 5. Nc3 a6 6. Bc4 e6 7. Bb3 Nbd7 8. f4
Nc5 9. f5 Nfxe4 10. fxe6 fxe6 11. Nxe4 Nxe4 12. O-O Nc5 13. Bxe6 Bxe6 14. b4
Bc4 15. Re1+ Kf7 16. bxc5 dxc5 17. Qf3+ Kg8 18. Nf5 h5 19. Qxb7 Rb8 20. Qe4 Bf7
21. c3 Qf6 22. Bf4 Re8 23. Be5 Qg5 24. Rad1 h4 25. Rd7 Qg6 26. Rf1 Rh5 27. h3
Qe6 28. Rxf7 Qxf7 29. Qg4 Rxe5 30. Nh6+ Rxh6 31. Rxf7 Kxf7 32. Qf4+ Ke6 33.
Qxf8 Rg5 34. Qa8 Ke5 35. Qa7 Rc6 36. Qe7+ Kf4 37. Kf2 1/2-1/2

[Event "NM 2000"]
[Site "NPSF"]
[Date "2000.01.03"]
[Round "?"]
[White "Sterud, Edvard"]
[Black "Olsen, Svein"]
[Result "1/2-1/2"]
[WhiteElo "2203"]
[BlackElo "2152"]
[PlyCount "42"]
[EventDate "2000.??.??"]

1. d4 Nf6 2. c4 e6 3. Nc3 Bb4 4. Qc2 O-O 5. a3 Bxc3+ 6. Qxc3 b6 7. Bg5 Bb7 8.
f3 h6 9. Bh4 d5 10. e3 Nbd7 11. cxd5 Nxd5 12. Bxd8 Nxc3 13. Bh4 Nd5 14. Bf2 c5
15. Bb5 Rfd8 16. e4 Ne7 17. Ne2 cxd4 18. Bxd4 Nc6 19. Bxc6 Bxc6 20. Rc1 Bb5 21.
Kf2 Nc5 1/2-1/2

[Event "NM 2000"]
[Site "NPSF"]
[Date "2000.01.03"]
[Round "?"]
[White "Lovholt, Thor"]
[Black "Dahlberg, Jorn S"]
[Result "1-0"]
[WhiteElo "2143"]
[BlackElo "1457"]
[PlyCount "93"]
[EventDate "2000.??.??"]

1. e4 e6 2. d4 d5 3. Nc3 Bb4 4. a3 Bxc3+ 5. bxc3 dxe4 6. Qg4 Nf6 7. Qxg7 Rg8 8.
Qh6 c5 9. Ne2 Rg6 10. Qd2 Nbd7 11. Bb2 Nb6 12. Nf4 Rg8 13. Bb5+ Bd7 14. dxc5
Na4 15. Bxa4 Bxa4 16. c4 Nd7 17. O-O Qg5 18. g3 e5 19. Qb4 exf4 20. Qxa4 Qxc5
21. Rad1 Qc6 22. Qxc6 bxc6 23. Bc1 f3 24. Rd4 f5 25. Rfd1 Nb6 26. c5 Nd5 27.
Bd2 Nc7 28. Ba5 Rg7 29. Rd6 Nb5 30. Rxc6 Nxa3 31. Rcd6 Rg6 32. Rd7 Rf6 33. Rxh7
Nc4 34. Bd8 Rf7 35. Rh6 Rc8 36. c6 a5 37. c7 a4 38. Rd4 Na5 39. Rxa4 Nb7 40.
Rd4 Nc5 41. g4 fxg4 42. Rh8+ Rf8 43. Rh5 Ra8 44. Re5+ Kf7 45. h4 g3 46. Rd1 Ne6
47. fxg3 1-0

[Event "NM 2000"]
[Site "NPSF"]
[Date "2000.01.03"]
[Round "?"]
[White "Haug, Kjell M"]
[Black "Sjol, Henrik"]
[Result "0-1"]
[WhiteElo "2021"]
[BlackElo "2020"]
[PlyCount "32"]
[EventDate "2000.??.??"]

1. f4 g6 2. Nf3 Bg7 3. e3 c5 4. c4 Nf6 5. Nc3 O-O 6. Qb3 e6 7. d4 cxd4 8. exd4
d5 9. cxd5 Nxd5 10. Nxd5 exd5 11. Be3 Nc6 12. Be2 Bg4 13. O-O Re8 14. Rfe1 Re4
15. Bd1 Na5 16. Qxb7 Nxb7 0-1

[Event "NM 2000"]
[Site "NPSF"]
[Date "2000.01.03"]
[Round "?"]
[White "Handberg, Rune"]
[Black "Lorentzen, Oystein"]
[Result "0-1"]
[WhiteElo "1952"]
[BlackElo "2241"]
[PlyCount "60"]
[EventDate "2000.??.??"]

1. e4 e6 2. d4 d5 3. Nc3 Nf6 4. Bg5 Be7 5. Bxf6 Bxf6 6. Nf3 O-O 7. Qd2 c5 8.
O-O-O cxd4 9. Nxd4 Nc6 10. Nb3 d4 11. Ne2 e5 12. h4 Bg4 13. f3 Bxh4 14. Rxh4
Qxh4 15. g3 Qh1 16. fxg4 Qxe4 17. Bh3 a5 18. Kb1 a4 19. Nc5 Qd5 20. Nd3 a3 21.
b3 Rad8 22. Rf1 Rfe8 23. Ne1 e4 24. Bg2 Qd6 25. Nf4 Qb4 26. Qc1 Ne5 27. Nh5 d3
28. c3 Qd6 29. Rf6 Qd7 30. Qg5 Qxg4 0-1

[Event "NM 2000"]
[Site "NPSF"]
[Date "2000.01.03"]
[Round "?"]
[White "Lohre, Frank G"]
[Black "Bergquist, Rune"]
[Result "0-1"]
[WhiteElo "1709"]
[BlackElo "2183"]
[PlyCount "106"]
[EventDate "2000.??.??"]

1. e4 e5 2. Nf3 Nc6 3. d4 exd4 4. Nxd4 Nf6 5. Nxc6 bxc6 6. e5 Qe7 7. Qe2 Nd5 8.
c4 Ba6 9. Nd2 O-O-O 10. Nf3 Qb4+ 11. Nd2 Re8 12. Qe4 Nf6 13. Qf5 Ng8 14. Be2 f6
15. O-O Rxe5 16. Qd3 Qd6 17. Nf3 Qxd3 18. Bxd3 Re6 19. b3 Bc5 20. Bb2 Ne7 21.
Rad1 Bb7 22. Nd4 Rd6 23. Nf5 Nxf5 24. Bxf5 g6 25. Bc2 Re6 26. Rfe1 Rhe8 27. Kf1
Rxe1+ 28. Rxe1 Rxe1+ 29. Kxe1 f5 30. Bc3 d5 31. b4 Bd6 32. cxd5 cxd5 33. h4 Kd7
34. h5 Ke6 35. hxg6 hxg6 36. g4 a5 37. gxf5+ gxf5 38. a3 Ba6 39. Ba4 Bc4 40. b5
Bxa3 41. Bxa5 Bd6 42. b6 c5 43. Be8 d4 44. Bc6 Bd5 45. Bb5 Bb7 46. Bc4+ Ke5 47.
Bf1 Be7 48. Bd3 f4 49. Bf1 f3 50. Bc4 Bh4 51. Kf1 Kd6 52. Bb3 Bg5 53. Bf7 Ba6+
0-1

[Event "NM 2000"]
[Site "NPSF"]
[Date "2000.01.03"]
[Round "?"]
[White "Svenneby, Jan"]
[Black "Bergquist, Rune"]
[Result "1-0"]
[WhiteElo "2183"]
[BlackElo "2289"]
[PlyCount "81"]
[EventDate "2000.??.??"]

1. e4 e5 2. Nf3 Nc6 3. c3 Nf6 4. d4 Nxe4 5. d5 Ne7 6. Nxe5 Ng6 7. Nxg6 hxg6 8.
Qd4 Qe7 9. Be2 Rh4 10. Qe3 Nf6 11. c4 Qxe3 12. Bxe3 Bb4+ 13. Nd2 Ne4 14. g3 Rh8
15. Bf3 Nd6 16. O-O Bxd2 17. Bxd2 Nxc4 18. Bf4 Kd8 19. Rac1 Nd6 20. Rc3 Ne8 21.
Re1 d6 22. Bg5+ f6 23. Bd2 g5 24. Rce3 Bf5 25. Be4 Bxe4 26. Rxe4 a5 27. a4 b5
28. b3 b4 29. Re7 Rf8 30. Kg2 Ra6 31. g4 Rb6 32. Be3 Ra6 33. Bd4 Ra8 34. f4
gxf4 35. h4 Ra6 36. Kf3 c5 37. dxc6 Rxc6 38. h5 d5 39. Kxf4 Rh8 40. Kf5 Nd6+
41. Kg6 1-0

[Event "NM 2000"]
[Site "NPSF"]
[Date "2000.01.03"]
[Round "?"]
[White "Lorentzen, Oystein"]
[Black "Lohre, Frank G"]
[Result "1/2-1/2"]
[WhiteElo "2241"]
[BlackElo "1709"]
[PlyCount "91"]
[EventDate "2000.??.??"]

1. e4 c6 2. d4 d5 3. e5 Bf5 4. Nc3 e6 5. g4 Bg6 6. Nge2 c5 7. h4 cxd4 8. Nxd4
h5 9. Bb5+ Nd7 10. f4 hxg4 11. f5 Rxh4 12. Rf1 exf5 13. Bf4 Bb4 14. e6 fxe6 15.
Nxe6 Qe7 16. Kf2 g3+ 17. Bxg3 Qxe6 18. Bxh4 Bxc3 19. bxc3 Kf7 20. Bxd7 Qxd7 21.
Qd4 Rc8 22. Rad1 Nf6 23. Bxf6 gxf6 24. Rfe1 f4 25. Qxd5+ Qxd5 26. Rxd5 Rc7 27.
Rd4 Bxc2 28. c4 Ba4 29. Kf3 Re7 30. Rxe7+ Kxe7 31. Kxf4 a6 32. c5 Bc6 33. Rd6
Bg2 34. Kf5 Bh3+ 35. Kg6 Bg2 36. Rxf6 Kd7 37. Kf5 Kc7 38. Ke5 Kb8 39. Kd6 Ka7
40. Kc7 Bh1 41. a4 Bg2 42. a5 Bh1 43. Rf1 Bg2 44. Rg1 Bc6 45. Rg6 Bh1 46. Rg7
1/2-1/2

[Event "NM 2000"]
[Site "NPSF"]
[Date "2000.01.03"]
[Round "?"]
[White "Sjol, Henrik"]
[Black "Handberg, Rune"]
[Result "1-0"]
[WhiteElo "2020"]
[BlackElo "1952"]
[PlyCount "77"]
[EventDate "2000.??.??"]

1. c4 g6 2. d4 Bg7 3. e4 d6 4. Nc3 Nf6 5. Nf3 O-O 6. Be2 e5 7. O-O Nc6 8. d5
Ne7 9. Ne1 Ne8 10. Be3 f5 11. f3 f4 12. Bf2 g5 13. c5 Ng6 14. a4 h5 15. a5 a6
16. b4 Nf6 17. cxd6 cxd6 18. Na4 g4 19. Nb6 Rb8 20. Rc1 g3 21. hxg3 fxg3 22.
Bxg3 h4 23. Bf2 Nh5 24. Rxc8 Rxc8 25. Nxc8 Qg5 26. Nxd6 Ngf4 27. Bc4 Rf6 28.
Ne8 Rg6 29. d6+ Kh7 30. Bf7 Ng3 31. Bxg6+ Qxg6 32. Be3 Nge2+ 33. Kh2 Bh6 34.
Bf2 Ng3 35. d7 Nxf1+ 36. Kg1 h3 37. d8=Q Bg5 38. Qc7+ Kh6 39. Qdd6 1-0

[Event "NM 2000"]
[Site "NPSF"]
[Date "2000.01.03"]
[Round "?"]
[White "Dahlberg, Jorn S"]
[Black "Haug, Kjell M"]
[Result "1/2-1/2"]
[WhiteElo "1457"]
[BlackElo "2021"]
[PlyCount "114"]
[EventDate "2000.??.??"]

1. e4 c5 2. c3 d5 3. exd5 Qxd5 4. d4 e6 5. Nf3 Nf6 6. Be3 Nc6 7. a3 Ng4 8. Nbd2
Nxe3 9. fxe3 cxd4 10. cxd4 Bd6 11. Bd3 O-O 12. O-O Bd7 13. b4 Rac8 14. Ne4 h6
15. Rc1 Ne7 16. Nc5 Bxc5 17. bxc5 Bc6 18. Qc2 f6 19. Rb1 Qd7 20. Qb3 b6 21.
cxb6 axb6 22. e4 f5 23. Bc4 Rf6 24. Qxb6 Bxe4 25. Ne5 Qa4 26. Bb3 Qa8 27. Rb2
Nc6 28. Qc5 Nxe5 29. Qxe5 Re8 30. a4 Kh7 31. Re1 Rg6 32. g3 Rd8 33. Re3 Rc8 34.
Bd1 Rc1 35. Re1 Qc6 36. Rf2 Qc3 37. Ref1 Bd3 38. Be2 Bxe2 39. Rxe2 Rxf1+ 40.
Kxf1 Qa1+ 41. Re1 Qxa4 42. h3 Rf6 43. Qe3 Rf8 44. Qxe6 Qxd4 45. Kg2 f4 46. Qe4+
Qxe4+ 47. Rxe4 fxg3 48. Kxg3 g6 49. Re7+ Kg8 50. Ra7 Rf7 51. Ra6 Kg7 52. h4 Rc7
53. Rb6 Rc3+ 54. Kg2 Re3 55. Ra6 Kf7 56. h5 gxh5 57. Rxh6 Re5 1/2-1/2

[Event "NM 2000"]
[Site "NPSF"]
[Date "2000.01.03"]
[Round "?"]
[White "Olsen, Svein"]
[Black "Lovholt, Thor"]
[Result "1-0"]
[WhiteElo "2152"]
[BlackElo "2143"]
[PlyCount "110"]
[EventDate "2000.??.??"]

1. e4 e6 2. d4 d5 3. Nd2 c5 4. exd5 Qxd5 5. Ngf3 cxd4 6. Bc4 Qc5 7. Qe2 Nc6 8.
Nb3 Qb4+ 9. Bd2 Qb6 10. O-O-O Nf6 11. Bg5 Bc5 12. Ne5 Na5 13. Bb5+ Bd7 14. Bxf6
Bxb5 15. Qh5 g6 16. Qh4 Nxb3+ 17. axb3 Rf8 18. Bg7 Qc7 19. Bxf8 Kxf8 20. Qf6
Kg8 21. Ng4 Bf8 22. Qxd4 Bg7 23. Nf6+ Kh8 24. Qh4 h6 25. Ne4 Rc8 26. c3 Bc6 27.
Nd6 Ra8 28. Qg3 Bd5 29. c4 Rd8 30. Nxf7+ Qxf7 31. cxd5 Qf5 32. Rd3 Rxd5 33.
Rxd5 exd5 34. f4 Qf6 35. Qf2 Qa6 36. Kb1 Kh7 37. Re1 Qb5 38. f5 Qd3+ 39. Qc2
Qxf5 40. Qxf5 gxf5 41. Re7 b6 42. Rxa7 Kg6 43. h3 h5 44. Kc2 h4 45. Rd7 Bd4 46.
Rxd5 Bg1 47. Kd3 Kg5 48. Ke2 Bh2 49. Kf3 Bg3 50. b4 Kf6 51. Rb5 Bc7 52. Ke3 Ke6
53. Kd4 Bd8 54. Re5+ Kf6 55. Kd5 Kg5 1-0

[Event "NM 2000"]
[Site "NPSF"]
[Date "2000.01.03"]
[Round "?"]
[White "Taksrud, Vidar"]
[Black "Sterud, Edvard"]
[Result "0-1"]
[WhiteElo "2159"]
[BlackElo "2203"]
[PlyCount "69"]
[EventDate "2000.??.??"]

1. e4 e6 2. d4 d5 3. Nc3 Nf6 4. Bg5 dxe4 5. Nxe4 Be7 6. Bxf6 gxf6 7. Nf3 a6 8.
c3 Nd7 9. Qc2 f5 10. Ng3 Nf6 11. Be2 b5 12. b4 Bb7 13. a4 O-O 14. Qd2 Nd5 15.
O-O c6 16. a5 Bd6 17. Rfe1 Qc7 18. Bf1 Rac8 19. Bd3 Kh8 20. Qh6 Bf4 21. Qh4 Rg8
22. Rab1 Rg4 23. Qh3 Rcg8 24. c4 bxc4 25. Bxc4 Bd6 26. Bxd5 cxd5 27. Kh1 Qd8
28. b5 axb5 29. Rxb5 Bc8 30. Qh5 f6 31. Rg1 f4 32. Ne2 Bc7 33. h3 R4g7 34. Rc5
Ba6 35. Nh4 {Hvit tapte pa tid.} 0-1